Egyptian metalworking and tools /

محفوظ في:

المؤلف الرئيسي: Scheel, Bernd, 1949- (مؤلف)

التنسيق: كتاب

اللغة: English

منشور في: [Aylesbury] : Shire Publications, 1989.

سلاسل: Shire Egyptology ; 13.
ShirEgypt ; 13.

الموضوعات:

الوسوم: إضافة وسم

لا توجد وسوم, كن أول من يضع وسما على هذه التسجيلة!

رقم الطلب: DT57 .S25 v.13

LEADER 00741namaa2200265 4500
001 13327
003 OSt
005 20260422060655.0
008 130303s1989 enka 000 0 eng d
020 |a 0747800014 
040 |c ARCE Library 
043 |a f-ua--- 
050 4 |a DT57 .S25 v.13 
100 1 |a Scheel, Bernd,  |d 1949-  |e author 
245 1 0 |a Egyptian metalworking and tools /  |c [Bernd Scheel]. 
264 1 |a [Aylesbury] :  |b Shire Publications,  |c 1989.  
300 |a 68 pages :  |b illustrations ;  |c 21 cm. 
490 1 |a Shire Egyptology ;   |v 13. 
490 1 |a ShirEgypt ;   |v 13. 
650 0 |a Metal-work  |z Egypt.  
830 0 |a Shire Egyptology ;   |v 13. 
830 0 |a ShirEgypt ;   |v 13. 
901 |a reviewed 
942 |c BK  |2 lcc 
999 |c 13229  |d 13229